000 00852nam0a22002531 4500
001 rc\2803317
005 20250806210341.0
035 _a(NLR Aleph) 006929316
090 _a34775
_c34775
100 _a20110915d1944 u y0rusy50 ca
101 0 _arus
102 _aRU
105 _aa z |||||
200 1 _aОбщедоступная астрономия
_fПроф. И. Ф. Полак
210 _aМосква
_aЛенинград
_cГостехиздат
_d1944
_eМосква
_gОбразцовая тип.
215 _a279 с.
_cил., черт.
_d20 см.
700 1 _aПолак
_bИ.Ф.
_f1881-
_gИосиф Федорович
801 0 _aRU
_bNLR
_gpsbo
801 1 _aRU
_bELAR
_2rusmarc
852 _aNLR
_jА02 Г-3/13
942 _cBOOK
945 _aРоссийская национальная библиотека
980 _aNB
980 _aBV